| 000 | 00596nam a2200205 4500 | ||
|---|---|---|---|
| 001 | 114267 | ||
| 003 | ES-MaACL | ||
| 005 | 20260525062931.0 | ||
| 007 | t| | ||
| 008 | 061121s1956 sp r ||||1| spa d | ||
| 100 | 1 |
_aPalacio Valdés, Armando, _d1853-1938 _988382 |
|
| 245 | 1 | 4 |
_aLos majos de Cádiz / _cArmando Palacio Valdés. |
| 250 | _a5ª ed. | ||
| 260 |
_aMadrid : _bEspasa-Calpe, _c1956. |
||
| 300 |
_a205 p. ; _c18 cm. |
||
| 490 | 1 |
_aColección austral ; _v155 |
|
| 830 | 0 |
_aColección austral _v155 _9177655 |
|
| 852 |
_aES-MaACL _jC-10692 _bR.39767 |
||
| 999 |
_c114267 _d114267 |
||